000 00637nam a2200229Ia 4500
003 OSt
005 20220918192013.0
006 a|||||r|||| 00| 0
007 ta
008 220917b |||||||| |||| 00| 0 eng d
024 _a66,481
037 _cTextual
040 _aARTS
_cARTS
_beng
041 _2eng
_aeng
082 _aR3xD20:g, J8-;1-;2 (Q4)
100 _aBrehier Emile
245 0 _aPhilosophy of plotinus tr by Joseph Thomas
260 _aLondon
_bUniv Of Chicago Press
_c1958
300 _avii,205p.
_ccm.
942 _hR3xD20:g, J8-;1-;2 (Q4)
_cTEXL
_2CC
999 _c192714
_d192714